El libro del porque / (Registro nro. 11763)

Detalles MARC
000 -LIDER
fixed length control field 00735nam a22002297a 4500
001 - NÚMERO DE CONTROL
Identificador de número de control 0011711
003 - IDENTIFICACDOR DE NÚMERO DE CONTROL
control field DO-SdBNP
005 - DATE AND TIME OF LATEST TRANSACTION
control field 20161102101125.0
007 - CAMPOS FIJOS DE DESCRIPCIÓN FÍSICA
fixed length control field 0011711
008 - ELEMENTOS DE LONGITUD FIJA
fixed length control field 161102b 1975 sp||||| |||| 00| 0 spa d
020 ## - ISBN
International Standard Book Number 842530514
040 ## - FUENTE DE CATALOGACIÓN
Agencia que crea de manera original el registro BPMSU
Idioma de catalogación spa
Agencia que realiza la transcripción BPMSU
082 ## - NÚMERO DE CLASIFICACIÓN DECIMAL DE DEWEY
Classification number xxxxxxx
Item number xxxxxxx
100 1# - ASIENTO PRINCIPAL -- NOMBRE PERSONAL
Nombre personal Zanini, Giuseppe
245 13 - MENCIÓN DE TITULO
Título El libro del porque /
Mención de responsabilidad Giuseppe Zanini ; colaboradores Andrea Bonanni, Glauco Pretto ; traducción Arnoldo Mondadori, editor María Antonia Menini
260 ## - PUBLICACIÓN, DISTRIBUCIÓN, ETC. (PIE DE IMPRENTA)
Lugar de publicación, distribución, etc España :
Nombre del editor, distribuidor, etc. Grijaldo,
-- Danae,
Fecha de publicación, distribución, etc 1975.
300 ## - DESCRIPCIÓN FÍSICA
Extensión 188 p. :
Otros detalles físicos il.,
Dimensiones 27 cm.
490 1# - MENCIÓN DE SERIES
Mención de serie Biblioteca básica juvenil
830 #0 - ASIENTO SECUNDARIO DE SERIE--TÍTULO UNIFORME
Título uniforme Biblioteca básica juvenil
942 ## - ADDED ENTRY ELEMENTS (KOHA)
Source of classification or shelving scheme Dewey Decimal Classification
Koha item type Libros
956 ## - LOCAL ELECTRONIC LOCATION AND ACCESS (OCLC)
Nombre de host BTAVÁREZ
Número de acceso 10
Información de compresión 20161102
Trayectoria 0011711
Existencias
Withdrawn status Lost status Source of classification or shelving scheme Damaged status Not for loan Collection code Home library Current library Date acquired Source of acquisition Total Checkouts Full call number Barcode Date last seen Price effective from Koha item type
    Dewey Decimal Classification     Colección General Biblioteca Pública Metropolitana Salomé Ureña Biblioteca Pública Metropolitana Salomé Ureña 11/02/2016 Sin sellar   xxxxxxx xxxxxxx BPMSU16110029 11/02/2016 11/02/2016 Libros